000 01189nam a2200301 4500
005 20240530110432.0
008 150224s2011 ua g b 000 0 ara d
017 _a23634/2010
_bمصر . دار الكتب المصرية
020 _a9789773503653
040 _aEG-CaGPL
041 0 4 _aara
082 0 4 _221
_a950.2\
_bأ ت
100 0 _aامام الشافعى محمد حمودى
245 1 0 _aتاريخ العصور الوسطى :
_bموقف اليهود من الصراع الاسلامى المغولى /
_cتاليف امام الشافعى محمد حمودى
250 _aط1
260 _aالقاهرة :
_bدار الكتاب الحديث ،
_c2011
300 _a191 ص ؛
_c24 سم
490 0 _aموسوع تاريخ العصور الوسطى و الحروب الصليبية
504 _aببليوجرافية : ص 179 - 188
600 0 4 _aارغون خان
650 0 4 _aالمغول والتتار
650 0 4 _aالدولة الخوارزمية
650 0 4 _aالعرب واليهود
650 0 4 _aالعصور الوسطى
_xتاريخ
650 0 4 _aاليهود
_xتاريخ
942 _2ddc
_cBK
999 _c60868
_d60868